| 000 | 00456nam a22001457a 4500 | ||
|---|---|---|---|
| 082 |
_a624.17 _bMIL _cL-20, P-216. |
||
| 100 |
_aMileikovskii, I.E. _942911 |
||
| 245 |
_aAnalysis of thin-walled structures. _cI.E. Mileikovskii. |
||
| 260 |
_aNew Delhi. _bOxford & IBH Publishing CO. Pvt. Ltd. |
||
| 300 | _aviii, 187 p.: | ||
| 526 |
_a0 _b0 _c0 _d624_170000000000000_MIL |
||
| 526 |
_a0 _b0 _c0 _d624_170000000000000_MIL |
||
| 650 |
_aMCE _9379 |
||
| 942 |
_2ddc _cBK |
||
| 999 |
_c546721 _d546721 |
||